| 000 | 00000nam##2200000za#4500 |
| 001 | 9.623798 |
| 003 | CaOODSP |
| 005 | 20200327175214 |
| 007 | ta |
| 008 | 150406|1995||||xxc||||| f|0| 0 fre|d |
| 020 | |a0-662-80941-6 |
| 040 | |aCaOODSP|bfre |
| 043 | |an-cn--- |
| 086 | 1 |aLU2-153/200-1995F |
| 110 | 1 |aCanada.|bDéveloppement des ressources humaines Canada. |bAssurance-chômage. |
| 245 | 10|aL'assurance-chômage, les mise à pied temporaires et les attentes en matière de rappel|cpar Miles Corak. |
| 260 | |aOttawa - Ontario : |bDéveloppement des ressources humaines Canada. |c1995. |
| 300 | |a60p. : |bgraphiques, tableaux ; |c30 cm. |
| 490 | 1 |aSérie d'évaluations de l'assurance-chômage |
| 500 | |a«La présente étude a trois objectifs: 1) documenter l'importance des mises à pied temporaires sur le marché du travail canadien; 2) examiner le rapport entre les mises à pied temporaires et le recours répété au régime d'assurance-chômage; 3) examiner le temps durant lequel les travailleurs mis à pied touchent des prestations d'assurance-chômage, selon qu'ils s'attendent ou non à être rappelés par un ancien employeur.»--Résumé. |
| 504 | |aBibliographie. |
| 520 | 3 |aLa présente étude a trois objectifs: 1) documenter l'importance des mises à pied temporaires sur le marché du travail canadien; 2) examiner le rapport entre les mises à pied temporaires et le recours répété au régime d'assurance-chômage; 3) examiner le temps durant lequel les travailleurs mis à pied touchent des prestations d'assurance-chômage, selon qu'ils s'attendent ou non à être rappelés par un ancien employeur.--Résumé |
| 563 | |aCouverture souple |
| 590 | |a96-08|b1996-02-23 |
| 691 | 07|aAssurance-emploi|2gcpds |
| 720 | 1 |aCorak, Miles |
| 776 | 0#|tL'assurance-chômage, les mises à pied temporaires et les attentes en matière de rappel / |w(CaOODSP)9.605378 |
| 830 | #0|aSérie d'évaluations de l'assurance-chômage.|w(CaOODSP)9.513113 |
| 986 | |aIN-AH-200F-03-95 |